00318nam a2200121Ia 4500008004100000020001400041050001500055100001800070245003900088260003200127300002400159650001300183150202s9999 xx 000 0 und d a330242245 aFIC bFIC  aPlaidy, Jean. aDaughters of Spain /cJean Plaidy. aLondon :bPan Books,c1961. a287 pages :c18 cm. aFiction.